[Event "Mitropa Cup Open 2019"]
[Site "Radenci"]
[Date "2019.05.29"]
[Round "3.9"]
[White "Travadon, Loic"]
[Black "Dragnev, Valentin"]
[Result "1/2-1/2"]
[WhiteElo "2441"]
[BlackElo "2521"]
[Annotator "TA"]
[PlyCount "82"]
[EventDate "2019.05.27"]
[EventType "team-tourn"]
[EventCountry "SLO"]
[SourceTitle "playchess.com"]
[Source "ChessBase"]
[SourceQuality "1"]
[WhiteTeam "France"]
[BlackTeam "Austria"]
[WhiteTeamCountry "FRA"]
[BlackTeamCountry "AUT"]

{[%evp 17,82,21,33,47,23,22,51,16,38,41,41,42,33,40,37,37,34,34,70,72,68,75,91,83,102,72,112,38,39,30,27,21,56,10,12,1,45,16,14,15,41,32,39,22,32,29,35,17,22,0,0,0,8,-10,-10,-10,-10,-10,-10,-10,-8,-10,-10,-16,-8,-8,-6]} 1. c4 Nf6 2. Nc3 c5 3. g3 e6 4. Nf3 d5 5. cxd5 Nxd5 6. Bg2 Nc6 7. O-O Be7 8. d4 O-O 9. e4 Ndb4 {[%cal Rc5d4]} 10. dxc5 {D41: Queen's Gambit Declined: Semi-Tarrasch with 5 cxd5} Bxc5 11. e5 Bb6 12. a3 {White is slightly better.} Qxd1 $146 ({Predecessor:} 12... Nd5 13. Qe2 Bd7 14. Rd1 Nxc3 15. bxc3 Qc7 16. a4 Ne7 17. Ng5 Bc6 {½-½ (41) Giri,A (2769)-Anand,V (2770) Saint Louis 2016}) 13. Rxd1 Nd5 14. Nxd5 exd5 15. Rxd5 Be6 16. Rd1 $36 {[%mdl 2048] Black is under pressure.} Na5 17. b4 Nb3 18. Rb1 Nxc1 19. Rbxc1 Rac8 20. Ng5 Bb3 21. Re1 Bd4 22. Rxc8 ({White should play} 22. Bxb7 $16 Rxc1 23. Rxc1) 22... Rxc8 $14 23. Be4 h6 24. Nf3 Bb2 25. Kg2 Rc1 26. Re3 Rc3 (26... Bc4 {seems wilder.} 27. Nd2 Bb5 28. e6 fxe6 29. Bxb7 Rd1) 27. Rxc3 (27. Bxb7 {feels hotter.} Rxe3 28. fxe3 Bxa3 29. Nd4 Bc4 30. b5) 27... Bxc3 28. Bxb7 {[%mdl 4096] Endgame KBB-KBN} Bd1 29. Bd5 Kf8 30. b5 Be2 31. Bc6 Bd1 32. h4 Ke7 {The position is equal.} 33. g4 Ke6 34. Kg3 Bb2 35. Nd2 Bxe5+ 36. f4 Bd6 37. Nc4 Bc5 38. f5+ Ke7 39. g5 hxg5 40. hxg5 Be2 41. Bd5 Bxc4 {Accuracy: White = 53%, Black = 62%.} 1/2-1/2

[Event "Mitropa Cup Open 2019"]
[Site "Radenci"]
[Date "2019.05.29"]
[Round "3.10"]
[White "Blohberger, Felix"]
[Black "Joie, Sebastien"]
[Result "1-0"]
[WhiteElo "2475"]
[BlackElo "2425"]
[Annotator "TA"]
[PlyCount "71"]
[EventDate "2019.05.27"]
[EventType "team-tourn"]
[EventCountry "SLO"]
[SourceTitle "playchess.com"]
[Source "ChessBase"]
[SourceQuality "1"]
[WhiteTeam "Austria"]
[BlackTeam "France"]
[WhiteTeamCountry "AUT"]
[BlackTeamCountry "FRA"]

{[%evp 17,71,12,41,10,1,7,22,20,41,45,35,36,39,39,41,43,75,34,37,43,54,54,55,53,45,38,56,61,70,79,96,102,94,57,99,63,47,23,90,79,79,85,149,106,230,208,289,291,296,285,480,429,457,466,500,499]} 1. e4 Nf6 2. e5 Nd5 3. d4 d6 4. Nf3 g6 5. c4 Nb6 6. Nc3 Bg7 7. exd6 cxd6 8. Be3 O-O 9. Be2 Bg4 10. h3 {B04: Alekhine's Defence: 4 Nf3} Bxf3 $1 11. Bxf3 Nc6 12. b3 {The position is equal.} e6 13. Rc1 d5 14. cxd5 exd5 15. O-O Qd6 $146 ({Predecessor:} 15... Qd7 16. Qd2 Rfe8 17. Ne2 Nc8 {½-½ (36) Ivanov,S (2329)-Moiseenko,V (2494) Finland 2015}) 16. Qd2 Rad8 17. Rfd1 Qb4 18. g3 Rd7 19. h4 h5 20. Bg2 Re8 21. Kh2 Bf6 22. Qd3 Qd6 23. Kg1 Kg7 24. Ne2 Qa3 25. Qd2 (25. Nf4 {seems wilder.} Nb4 26. Qd2 Kg8 27. Bh3 Rd6 28. Nd3) 25... Qb4 26. Qxb4 Nxb4 27. a4 {[%cal Ba2a4,Ba4a5][%mdl 32]} Nc6 (27... Na8 $11) 28. Rc5 Be7 29. Rb5 Red8 ({Better is} 29... Rb8) 30. Nf4 Nb4 (30... Bd6 $16 {is a better defense.}) 31. Bh3 $18 Rc7 32. a5 Nc8 {next ...a6 is good for Black.} 33. Bd2 a6 $2 {[#]} (33... Nc6 {was worth a try.} 34. Nxd5 a6 35. Nxc7 axb5) 34. Rxb4 {White is clearly winning.} Bxb4 35. Bxb4 Na7 36. Bc5 {Accuracy: White = 73%, Black = 34%.} 1-0

[Event "Mitropa Cup Open 2019"]
[Site "Radenci"]
[Date "2019.05.29"]
[Round "3.11"]
[White "Di Nicolantonio, Lucas"]
[Black "Mesaros, Florian"]
[Result "1-0"]
[WhiteElo "2379"]
[BlackElo "2439"]
[Annotator "TA"]
[PlyCount "67"]
[EventDate "2019.05.27"]
[EventType "team-tourn"]
[EventCountry "SLO"]
[SourceTitle "playchess.com"]
[Source "ChessBase"]
[SourceQuality "1"]
[WhiteTeam "France"]
[BlackTeam "Austria"]
[WhiteTeamCountry "FRA"]
[BlackTeamCountry "AUT"]

{[%evp 23,67,11,16,0,4,0,9,-41,-36,-21,-21,-76,-72,-70,-56,-54,-10,0,142,147,181,115,219,214,208,241,389,367,381,374,390,241,394,391,385,389,687,683,760,760,745,75,741,738,695,695]} 1. e4 c5 2. Nf3 d6 3. d4 cxd4 4. Qxd4 Nf6 5. Nc3 Nc6 6. Bb5 Bd7 7. Bxc6 Bxc6 8. Bg5 e6 9. Qd3 Be7 10. Nd4 Rc8 11. O-O-O a6 12. f4 O-O 13. h4 {B53: Sicilian: 2...d6: Lines with Qxd4} (13. Kb1 Qc7 14. h4 Rfd8 15. f5 Bd7 16. a3 Qc4 17. Qg3 e5 18. Bxf6 Bxf6 19. Nb3 Ba4 20. Nd2 Qd4 {0-1 (36) Paichadze,L (2561)-Ter Sahakyan,S (2580) Al Ain 2014}) 13... Ng4 14. Qg3 $146 ({Predecessor:} 14. Qe2 h5 15. e5 d5 16. Kb1 Qc7 17. a3 Bc5 18. f5 Bd7 19. Nb3 Bxa3 20. Nxd5 exd5 21. bxa3 Bxf5 22. Nd4 Be4 {0-1 (22) Meera,S (2195)-Mohanty,K (2222) Hyderabad 2007}) 14... h5 15. e5 {White wants to play exd6.The position is equal.} Qe8 16. Kb1 dxe5 17. fxe5 (17. Nxc6 $11 {keeps the balance.} Rxc6 18. fxe5) 17... Bc5 18. Rhe1 Bb4 19. Nde2 Bb5 {Hoping for ...Bxe2.} 20. Rd4 Bc5 {[#]} (20... Rc4 $11) 21. Rxg4 $1 $16 hxg4 22. Qxg4 (22. Nf4 $18) 22... Bxe2 (22... f6 $16 {is a better defense.} 23. exf6 Qg6) 23. Rxe2 $40 {[%mdl 128] And now Bf6 would win. White wants a kill.} f5 24. exf6 $1 {[%mdl 64] Discovered Attack} Qg6 (24... Rf7 $142 25. h5 (25. Qxe6 Qxe6 26. Rxe6 gxf6 $11) (25. Rxe6 Qd7 $16) 25... e5) 25. Rxe6 {Threatens to win with h5.} Rfe8 26. Rxe8+ Qxe8 {[#]} 27. Be3 $1 {[%csl Gf6][%cal Rg4g7][%mdl 512]} g6 $2 (27... Bf8) (27... Bxe3 28. Qxg7#) 28. h5 Bxe3 29. hxg6 Qc6 $2 (29... Rc7 30. f7+ Rxf7 31. gxf7+ Kxf7 32. Qh5+ Kf8 33. Qh8+ Kf7 34. Qh7+ Kf8 35. Qh8+ Kf7 36. Qh7+ Kf8 37. Qxb7 Bg5) 30. Qh3 {Threatening mate with Qh7+.} Bh6 31. Qxh6 {[%csl Gf6][%cal Rh6g7]} Qxf6 32. Qh7+ {[%mdl 64] Double Attack} Kf8 {[#] ( -> ...Qf1+)} 33. g7+ $1 {[%mdl 64] Deflection} Qxg7 34. Qf5+ {[%mdl 64] Double Attack. Accuracy: White = 72%, Black = 51%.} 1-0

[Event "Mitropa Cup Open 2019"]
[Site "Radenci"]
[Date "2019.05.29"]
[Round "3.12"]
[White "Horvath, Dominik"]
[Black "Eugene, Floryan"]
[Result "1-0"]
[WhiteElo "2406"]
[BlackElo "2303"]
[Annotator "TA"]
[PlyCount "93"]
[EventDate "2019.05.27"]
[EventType "team-tourn"]
[EventCountry "SLO"]
[SourceTitle "playchess.com"]
[Source "ChessBase"]
[SourceQuality "1"]
[WhiteTeam "Austria"]
[BlackTeam "France"]
[WhiteTeamCountry "AUT"]
[BlackTeamCountry "FRA"]

{[%evp 17,93,31,30,27,25,23,29,37,35,32,45,38,33,10,-4,-8,-4,-10,-16,-14,-21,-18,0,0,0,0,0,0,0,0,0,0,0,-20,-20,-14,48,0,0,0,0,0,12,14,7,0,61,52,54,0,54,59,110,108,114,121,228,221,322,335,314,331,330,324,305,286,397,387,404,404,404,377,372,365,507,501,558,539]} 1. Nf3 Nf6 2. c4 g6 3. Nc3 Bg7 4. g3 O-O 5. Bg2 d6 6. O-O Nc6 7. d4 e5 8. dxe5 dxe5 9. Bg5 Be6 10. Qc1 {E62: King's Indian: Fianchetto: 6...c6 and Panno Variation (6...Nc6) without ...a6} (10. Qa4 Qb8 11. Bxf6 Bxf6 12. Nd2 Bg7 13. Rfd1 Rd8 14. Nb3 Nd4 15. Nc5 c6 16. e3 Bg4 17. exd4 exd4 18. N3e4 Bxd1 19. Rxd1 {1-0 (32) Carlsen,M (2835)-Firouzja,A (2607) St Petersburg 2018}) 10... Qc8 11. Rd1 Re8 12. Nd5 {White has an edge.} Nd7 13. Bh6 f6 14. Bxg7 Kxg7 {[#]} 15. e3 $146 ({Predecessor:} 15. b3 Nd8 16. Nd2 Nf7 17. c5 c6 {0-1 (39) Yakubboev,N (2556)-Wang,H (2730) Makati 2018}) 15... Nd8 16. b3 Nf7 17. Qa3 c6 18. Nc3 f5 19. Ne1 Qd8 20. Nd3 Qe7 21. Qxe7 Rxe7 22. e4 Rae8 23. Rd2 Nf6 24. exf5 Bxf5 {[#] Hoping for ...Rd8.} 25. Nc5 e4 26. Re1 Bg4 (26... e3 $11 27. fxe3 Rxe3 28. Rxe3 Rxe3) 27. h3 Bf3 28. Re3 Bxg2 29. Kxg2 Ng5 30. Rde2 b6 31. Nd3 Kf7 (31... h5 $11) 32. Nb4 $14 Re6 33. Re1 (33. h4 $14 Nf3 34. Nxe4 Nxh4+ 35. gxh4 Nxe4 36. Nxc6) 33... Nf3 (33... Rd8 $11) 34. Rd1 c5 ({Black should try} 34... a5 $14 35. Nc2 Ng5) 35. Nbd5 $16 Nxd5 36. Rxd5 R8e7 (36... Nd4 $16) 37. Nxe4 $1 $18 Nh4+ (37... Rxe4 $142 38. Rxe4 (38. Kxf3 Rxe3+ 39. fxe3 Ke6 $16) (38. Rxf3+ Kg7 $16) 38... Ne1+ 39. Rxe1 Rxe1 40. Rd7+ Re7 41. Rxe7+ Kxe7) 38. gxh4 {aiming for Ng5+.} Rxe4 39. Rxe4 Rxe4 {[%mdl 4096] Endgame [#] KR-KR} 40. Rd7+ $1 Kf6 41. Rxh7 a6 42. h5 b5 43. Ra7 bxc4 44. Rxa6+ Kg7 45. Ra4 gxh5 46. Rxc4 Re5 47. a4 {Accuracy: White = 82%, Black = 55%.} 1-0

[Event "Mitropa Cup Open 2019"]
[Site "Radenci"]
[Date "2019.05.29"]
[Round "3.13"]
[White "Gazik, Viktor"]
[Black "Sebenik, Matej"]
[Result "1/2-1/2"]
[WhiteElo "2520"]
[BlackElo "2522"]
[Annotator "TA"]
[PlyCount "67"]
[EventDate "2019.05.27"]
[EventType "team-tourn"]
[EventCountry "SLO"]
[SourceTitle "playchess.com"]
[Source "ChessBase"]
[SourceQuality "1"]
[WhiteTeam "Slovakia"]
[BlackTeam "Slovenia"]
[WhiteTeamCountry "SVK"]
[BlackTeamCountry "SLO"]

{[%evp 21,67,9,18,8,3,0,0,0,0,-16,-27,-15,-17,-16,0,0,0,0,0,0,0,0,0,-19,49,37,201,191,149,168,131,0,0,0,0,-720,-719,-715,-708,-658,-642,-650,-642,-627,-606,-513,0,0]} 1. e4 c5 2. Nc3 Nc6 3. Nf3 g6 4. d4 cxd4 5. Nxd4 Bg7 6. Be3 Nf6 7. Bc4 O-O 8. Bb3 d6 9. f3 Bd7 10. Qd2 Nxd4 11. Bxd4 b5 $1 {[%cal Bb7b5,Bb5b4][%mdl 32]} 12. a3 {[%cal Ba2a3,Ba3a4][%mdl 32] B77: Sicilian Dragon: Yugoslav Attack, 9 Bc4 sidelines} (12. a4 bxa4 13. Bxa4 Be6 14. O-O Qc7 15. Rfc1 Qb7 16. Nd1 Rfc8 17. Ne3 Bh6 18. Ra3 Rc4 19. Bb3 Qb4 20. Qxb4 Rxb4 21. Bxe6 Rxd4 {½-½ (40) Grischuk,A (2771)-Savchenko,B (2562) St Petersburg 2018}) 12... a5 13. a4 b4 14. Nd5 Nxd5 15. exd5 $146 ({Predecessor:} 15. Bxg7 Kxg7 16. exd5 Rc8 17. Qd4+ {1-0 (62) Strelnikov,O (2390)-Davydiuk,M Alushta 1999}) 15... Bxd4 16. Qxd4 Rc8 17. O-O Bf5 18. Rf2 Rc5 19. Re1 Qc7 {[%cal Rf5c2]} 20. Ree2 Bc8 21. h4 f6 22. h5 g5 (22... gxh5 $11 23. Qf4 Bb7) 23. f4 {And now fxg5 would win.} h6 $2 (23... Bg4 $14) 24. Qd3 f5 25. fxg5 hxg5 {[#]} 26. Qd2 (26. g4 $1 $16 {[%mdl 512]}) 26... f4 $11 27. Re5 Rf5 $1 {[%cal Rf5e5]} 28. Rfe2 $2 {[%mdl 8192]} (28. Rxf5 $11 Bxf5 29. g3) 28... Qa7 $19 {Threatens to win with ...Rxc2+.} (28... Rxe5 $2 {too greedy.} 29. Rxe5 Kh8 30. Rxg5 $18) 29. Rxf5 {[#]} Rxc2+ $1 {[%mdl 64] Discovered Attack} 30. Kh2 Rxd2 31. Rxg5+ Kh8 32. Rxd2 Qe3 $1 {[%csl LRb3,LRd2]} 33. Rc2 Bf5 $2 ({Better is} 33... Bd7 $19 34. Rc7 Qf2 35. Rxd7 (35. Rg6 $2 Bf5 $19) 35... Qh4+ {[%mdl 64] Double Attack} 36. Kg1 Qxg5) 34. Rxf5 {Accuracy: White = 63%, Black = 67%.} 1/2-1/2

[Event "Mitropa Cup Open 2019"]
[Site "Radenci"]
[Date "2019.05.29"]
[Round "3.14"]
[White "Tomazini, Zan"]
[Black "Repka, Christopher"]
[Result "0-1"]
[WhiteElo "2378"]
[BlackElo "2482"]
[Annotator "TA"]
[PlyCount "98"]
[EventDate "2019.05.27"]
[EventType "team-tourn"]
[EventCountry "SLO"]
[SourceTitle "playchess.com"]
[Source "ChessBase"]
[SourceQuality "1"]
[WhiteTeam "Slovenia"]
[BlackTeam "Slovakia"]
[WhiteTeamCountry "SLO"]
[BlackTeamCountry "SVK"]

{[%evp 9,98,12,48,47,45,38,32,43,54,0,0,0,0,0,0,0,0,0,31,19,42,9,25,7,7,2,3,12,5,-18,-12,-19,-54,-46,-34,-60,-70,-76,-66,-62,-34,-204,-108,-155,-146,-162,-144,-277,-277,-331,-187,-277,-277,-271,-272,-270,-272,-274,-264,-480,-463,-470,-412,-467,-460,-1168,-443,-463,-429,-427,-429,-1031,-616,-1415,-1367,-1057,-782,-770,-713,-1480,-1108,-1860,-1643,-2841,-2383,-29956,-10472,-29984,-29985,-29985,-29986]} 1. e4 e5 2. Nf3 Nc6 3. Bc4 Bc5 4. d3 ({Predecessor:} 4. c3 Qf6 5. d3 {1-0 (41) Domont,A (2305)-Lematschko,T (2285) Switzerland 1994}) 4... d6 5. c3 Qf6 $146 (5... Nf6 6. O-O Bb6 7. a4 a6 8. Re1 Ne7 9. Nbd2 O-O 10. Nf1 c6 11. Ng3 Ng6 12. Bb3 h6 13. h3 d5 14. exd5 Nxd5 15. d4 exd4 16. Nxd4 {1-0 (31) Grandelius,N (2694)-Erdos,V (2612) Skopje 2019}) 6. b4 {C50: Hungarian Defence and Giuoco Pianissimo} Bb6 7. a4 {Hoping for a5.} a5 8. b5 {White is slightly better.} Nce7 9. Be3 (9. O-O $14) 9... Bxe3 $11 10. fxe3 Qh6 11. Qe2 Nf6 12. O-O O-O 13. Nbd2 d5 14. Bb3 Qh5 15. Rae1 Be6 16. exd5 Nexd5 17. Bxd5 Nxd5 18. Ne4 f6 19. c4 Nb4 20. d4 exd4 21. exd4 {And now Ng3 would win.} Rae8 22. d5 {aiming for Ng3.} Bf5 23. Ng3 $1 {[%cal Rg3h5]} Rxe2 24. Nxh5 Bd3 $40 {[%mdl 128] Black has some attack.} 25. Nd4 $2 {[#]} ({White should play} 25. Rxe2 $15 Bxe2 26. Rc1) 25... Ree8 ({Black should try} 25... Re5 $1 $19 26. Rxe5 fxe5 27. Rxf8+ Kxf8 28. Ne6+ Ke7 29. Nhxg7 Bxc4 30. Nf5+ Kf6) 26. Rxe8 Rxe8 27. Rc1 Re4 28. Ne6 (28. Nf5 $17 Rxc4 29. Rxc4 Bxc4 30. d6 cxd6 31. Nxd6) 28... Rxc4 $19 29. Re1 Re4 (29... Nxd5 $142 30. Rd1 Be4 31. Nhxg7 Kf7) 30. Rxe4 (30. Rc1 {might work better.} Rc4 31. Rxc4 Bxc4 32. Nxc7 Nxd5 33. Ne6) 30... Bxe4 31. Nxc7 Bxd5 {[%mdl 4096] Endgame KBN-KNN} ({Resist} 31... Nxd5 32. Ng3 $19) 32. Kf2 Bb3 33. Ke3 Bxa4 34. Kd4 $2 (34. Nf4) 34... Bd1 35. Nf4 a4 {[%cal Ba5a4,Ba4a3,Ba3a2][%mdl 32] ...a3 is the strong threat.} 36. Kc3 a3 37. Nfd5 {[#]} (37. Ncd5 $142 Nxd5+ 38. Nxd5) 37... Nxd5+ (37... Nd3 $142 $1 {[%mdl 512]} 38. Kxd3 a2) 38. Nxd5 {KB-KN} Kf7 39. Ne3 Ba4 40. b6 (40. Nc4 $142 a2 41. Kb2) 40... Ke6 41. Nc4 a2 42. Kb2 Bc6 43. g3 Bd5 44. Ne3 Ke5 45. Nc2 Ke4 46. Kc3 g5 47. Kd2 g4 48. Ke2 Bb3 49. Na1 Ba4 {Accuracy: White = 32%, Black = 73%.} 0-1

[Event "Mitropa Cup Open 2019"]
[Site "Radenci"]
[Date "2019.05.29"]
[Round "3.15"]
[White "Pechac, Jergus"]
[Black "Janzelj, Tim"]
[Result "1-0"]
[WhiteElo "2461"]
[BlackElo "2384"]
[Annotator "TA"]
[PlyCount "109"]
[EventDate "2019.05.27"]
[EventType "team-tourn"]
[EventCountry "SLO"]
[SourceTitle "playchess.com"]
[Source "ChessBase"]
[SourceQuality "1"]
[WhiteTeam "SVK"]
[BlackTeam "SLO"]
[WhiteTeamCountry "SVK"]

{[%evp 10,109,12,8,19,22,29,14,37,22,17,27,43,33,48,14,58,65,62,58,67,48,55,42,54,45,35,32,43,21,181,171,177,170,181,-8,104,106,85,101,111,108,133,142,136,133,177,171,185,159,173,103,216,192,209,175,320,327,317,323,495,489,487,473,438,310,615,614,595,600,602,589,588,583,580,562,468,431,427,420,493,484,607,594,684,685,650,657,5700,5656,29976,29978,29978,29979,29979,29980,29981,29982,29984,29985,29985,29986]} 1. d4 Nf6 2. c4 e6 3. Nf3 d5 4. Nc3 Bb4 5. Qb3 c5 6. dxc5 Nc6 {D38: Queen's Gambit Declined: Ragozin Defence (4 Nf3 Bb4)} 7. Bg5 Qa5 {And now ...d4 would win.} 8. Bxf6 dxc4 {The position is equal.} 9. Qxc4 gxf6 10. Rc1 Qxc5 11. Qf4 Qe7 $146 ({Predecessor:} 11... Ke7 12. g3 e5 13. Qh6 Bxc3+ 14. bxc3 {1-0 (42) Wang,H (2680)-Vidit,S (2687) Chengdu 2017}) 12. g3 h5 13. Bg2 e5 14. Qe3 Be6 15. O-O Bc5 16. Qd3 Rd8 17. Qb1 f5 18. e4 f4 19. gxf4 Rg8 $2 (19... Nd4 $1 $11 {and Black stays safe.}) 20. Nd5 $1 $18 {[%cal Rd5e7]} Rxd5 21. exd5 Bxd5 22. Ne1 $2 (22. Qh7 $18 Rxg2+ 23. Kxg2) 22... exf4 (22... e4 $11) 23. Qf5 $16 {[%mdl 64] [#] Double Attack} Qe6 24. Qxe6+ fxe6 25. Kh1 $36 {[%mdl 2048] White is in control.} Bxg2+ 26. Nxg2 Bd6 27. Nh4 e5 28. Rfd1 Bf8 29. Rd5 Rg7 30. Nf3 (30. Rcd1 $18) 30... Re7 (30... Kf7 $16) 31. b4 $18 {aiming for b5.} a6 32. a4 {[%cal Ba2a4,Ba4b5][%mdl 32] b5 is the strong threat.} Bg7 (32... e4 {was worth a try.}) 33. b5 axb5 34. axb5 (34. Rxb5 e4 $16) 34... Nb4 (34... e4 {keeps fighting.} 35. Ng5 (35. Rxh5 Nb4 $18) 35... Nd8) 35. Rd6 {Rc8+ would kill now.} Rd7 36. Re6+ Kd8 37. Ra1 {Intending Ra8+ and mate.} Re7 $2 (37... Nd5 38. Ra8+ (38. Nxe5 Nc7 $18) 38... Kc7 39. Nxe5 Bxe5) 38. Rxe7 Kxe7 {[%mdl 4096] Endgame KRN-KBN} 39. Ra7 Bf6 40. Rxb7+ Ke6 41. b6 Nd5 42. Rb8 {Hoping for b7.} Kd7 43. Rf8 {Black must now prevent b7.} Kc6 44. Nd2 Be7 45. Rf5 Bc5 46. b7 Kxb7 47. Rxe5 Kc6 48. Ne4 h4 49. Nxc5 Kxc5 {KR-KN} 50. Kg2 {White mates.} Kd4 {[#]} 51. Rxd5+ $1 {[%mdl 512]} Kxd5 52. Kh3 Ke4 53. Kxh4 Kf3 54. Kg5 Kg2 55. Kxf4 {Accuracy: White = 76%, Black = 36%.} 1-0

[Event "Mitropa Cup Open 2019"]
[Site "Radenci"]
[Date "2019.05.29"]
[Round "3.16"]
[White "Subelj, Jan"]
[Black "Sahidi, Samir"]
[Result "1-0"]
[WhiteElo "2407"]
[BlackElo "2400"]
[Annotator "TA"]
[PlyCount "91"]
[EventDate "2019.05.27"]
[EventType "team-tourn"]
[EventCountry "SLO"]
[SourceTitle "playchess.com"]
[Source "ChessBase"]
[SourceQuality "1"]
[WhiteTeam "Slovenia"]
[BlackTeam "Slovakia"]
[WhiteTeamCountry "SLO"]
[BlackTeamCountry "SVK"]

{[%evp 13,91,33,41,38,51,16,45,52,122,48,79,51,99,91,143,132,218,201,185,181,177,135,173,182,183,168,202,212,220,170,302,301,338,234,189,172,167,178,208,212,194,85,210,167,203,182,410,401,566,570,609,615,605,615,569,456,687,666,964,727,724,726,719,721,710,705,627,627,753,670,802,799,1729,1770,29972,29972,29986,29987,29987,29988]} 1. e4 e6 2. d4 d5 3. Nd2 Nf6 4. e5 Nfd7 5. Bd3 c5 6. c3 Nc6 7. Ne2 Rb8 8. O-O {C06: French Tarrasch: 3...Nf6 4 e5 Nfd7 5 Bd3 main lines} (8. f4 b5 9. Nf3 Be7 10. f5 exf5 11. Bxf5 Nf8 12. Ng3 Ng6 13. Be3 b4 14. O-O bxc3 15. bxc3 cxd4 16. cxd4 {1-0 (66) Navara,D (2737)-Balog,I (2548) Slovakia 2017}) 8... b5 9. f4 Qb6 {[%cal Rc5d4]} 10. Nf3 {White is slightly better.} cxd4 $146 (10... g6 $14) ({Predecessor:} 10... g6 11. Kh1 b4 12. Ng5 Ba6 13. f5 Bxd3 14. fxe6 Bxe2 15. exd7+ Kxd7 16. Qxe2 {1-0 (24) Cruz,J (2420)-Amato,A (2300) Barcelona 2018}) 11. cxd4 (11. Nfxd4 b4 $14) (11. Nexd4 $16 b4 12. Be3) 11... Be7 12. Kh1 f5 13. Rg1 O-O (13... h5 $142) 14. g4 $16 fxg4 (14... Nb4 $16 {was called for.}) 15. Rxg4 $18 Rf7 16. Ng3 Nf8 17. Be3 Bd7 18. Rc1 Bd8 19. Qg1 Rb7 20. Nh5 {[%cal Rg4g7]} Be8 21. Ng5 Bxg5 (21... Rfc7 $142 22. Nf6+ Bxf6 23. exf6 Bg6 24. Bxg6 hxg6) 22. Rxg5 Kh8 23. Nf6 Qd8 24. Qg2 Ne7 {[#]} 25. Rg1 $1 Nf5 26. Bxf5 exf5 27. Qh3 (27. Rxf5 $18 {has better winning chances. Black must now prevent Nd7!} Ng6 28. Nxe8 (28. Rh5 gxf6 29. f5 Rg7 $14) 28... Qxe8 29. Rg5 (29. Qxd5 $2 Rbd7 $19)) 27... Qe7 (27... Qc8 $16 28. Nxe8 (28. Rxf5 Qe6 $11 {[%mdl 64] Pin}) (28. Nxd5 $2 Bc6 $19) 28... Qxe8) 28. Bd2 $40 {[%mdl 128] White goes for the king.} (28. Nxd5 $2 Bc6 $19) 28... b4 29. Qxf5 {Qh3 is the strong threat.} Bd7 $2 (29... Rb6 {is a better defense.} 30. Qc8 Bb5 {[%mdl 64] Remove Defender}) 30. Qd3 h6 (30... Rb6 $142 31. Nxd7 (31. Nxd5 $2 Bc6 $19) 31... Qxd7) 31. f5 Nh7 32. Nxh7 ({But not} 32. Nxd5 $2 Bc6 $19) 32... hxg5 33. e6 {[%mdl 64] Double Attack, Zwischenzug} Rxf5 34. Qxf5 {[%mdl 64] Double Attack} Bxe6 (34... Qxe6 $142 35. Qxe6 Bxe6 36. Nxg5 Bf5) 35. Qd3 Qd7 {Threatens to win with ...Bf5.} 36. Nf8 {[%csl Gf8][%cal Rd3h7]} Bf5 37. Nxd7 Bxd3 38. Nc5 {[%mdl 64] Double Attack} Be4+ 39. Nxe4 dxe4 40. Rxg5 {[%mdl 4096] Endgame KRB-KR} Rc7 41. Rc5 Rd7 42. d5 Rf7 43. d6 Rf1+ {[#]} 44. Kg2 $1 {White mates.} Rd1 45. Rd5 e3 46. d7 {Accuracy: White = 67%, Black = 26%.} 1-0